01235nam a2200301 a 450000100060000000300080000600500170001400800410003102000260007203500200009804000320011804100080015008200260015810000340018424500510021826000550026930000260032449000560035050400510040665000460045765000380050365100580054183000650059994200120066499900170067695201200069395201200081341848BD-RjUL20211209053447.0160606s1980 nju b 001 0 eng  a093454008X c: $ 8.95 a(BD-RjUL) 41966 aDLCcDLCdDLCdBD-RjULbeng aeng00a324.241223bROD 19801 aRose, Richard,d1933-912854810aDo parties make a difference? /cRichard Rose. aChatham, N.J. :bChatham House Publishers,cc1980. axii, 176 p. ;c23 cm. aChatham House series on change in American politics aIncludes bibliographical references and index. 0aPolitical partieszGreat Britain.9128549 0aElectionszGreat Britain.9128220 0aGreat BritainxPolitics and governmenty1945-9127977 aChatham House series on change in American politics.9229592 2ddccBK c41848d41848 00102ddc40708NFICaRUCLbRUCLcStackd1989-06-25l0o324.241 ROD 1980r2016-06-06 00:00:00tC-3w2016-06-06yBK 00102ddc40708NFICaRUCLbRUCLcStackd1989-06-25l0o324.241 ROD 1980r2016-06-06 00:00:00tC-2w2016-06-06yBK